[Event "Bangkok Olympiad 45th Qual"]
[Site "Bangkok"]
[Date "2024.05.03"]
[Round "4"]
[White "Kananub, Warot"]
[Black "Bodemar, Jonathan"]
[Result "1/2-1/2"]
[WhiteElo "2158"]
[BlackElo "2061"]
[PlyCount "66"]
[EventDate "2024.05.02"]
[EventType "tourn"]
[EventRounds "9"]
[EventCountry "THA"]
[SourceTitle "CB20_2024"]
[SourceDate "2024.05.16"]
[SourceVersion "1"]
[SourceVersionDate "2024.05.16"]
[SourceQuality "1"]

1. e4 e6 2. d4 d5 3. Nd2 Be7 4. Ngf3 Nf6 5. Bd3 c5 6. exd5 Qxd5 7. dxc5 Qxc5 8. 0-0 0-0 9. Qe2 Nbd7 10. Ne4 Qc7 11. Bg5 Nd5 12. Bxe7 Nxe7 13. Rfe1 b6 14. Neg5 Nf6 15. Qe5 Qxe5 16. Nxe5 Bb7 17. Ne4 Nxe4 18. Bxe4 Bxe4 19. Rxe4 Rac8 20. c3 Rfd8 21. Nf3 Rd5 22. Kf1 Rcd8 23. Rd4 Rxd4 24. Nxd4 e5 25. Nc2 f6 26. Ke2 Kf7 27. Rd1 Rxd1 28. Kxd1 Ke6 29. Ke2 Kd6 30. Kd2 Ke6 31. Ke2 Kd6 32. Kd2 Ke6 33. Ke2 Kd6 1/2-1/2

[Event "Asian Games tt"]
[Site "Hangzhou"]
[Date "2023.10.04"]
[Round "6.15"]
[White "Gu, In Jung"]
[Black "Kananub, Warot"]
[Result "1/2-1/2"]
[WhiteElo "1902"]
[BlackElo "2131"]
[PlyCount "150"]
[EventDate "2023.09.29"]
[EventType "team-tourn"]
[EventRounds "9"]
[EventCountry "CHN"]
[SourceTitle "EXT 2024"]
[Source "ChessBase"]
[SourceDate "2023.10.10"]
[SourceVersion "1"]
[SourceVersionDate "2023.10.10"]
[SourceQuality "1"]
[WhiteTeam "Korea"]
[BlackTeam "Thailand"]
[WhiteTeamCountry "KOR"]
[BlackTeamCountry "THA"]

1. Nf3 d5 2. g3 c6 3. Bg2 Bg4 4. 0-0 e6 5. d3 Nf6 6. c4 Bd6 7. Nc3 0-0 8. Qc2 Nbd7 9. e4 dxe4 10. dxe4 Bxf3 11. Bxf3 Bc5 12. Bg2 e5 13. Rb1 a5 14. a3 Qe7 15. Nd1 a4 16. Ne3 g6 17. Qe2 Rfd8 18. Nc2 Nf8 19. Be3 Ne6 20. Rfd1 Bxe3 21. Qxe3 Qc5 22. Qe2 Kg7 23. h4 Qb6 24. Bh3 Rxd1+ 25. Rxd1 Nc5 26. Nb4 Ncxe4 27. g4 g5 28. Bg2 Nxf2 29. Qxf2 Qxf2+ 30. Kxf2 Nxg4+ 31. Ke2 gxh4 32. Rd7 Rb8 33. Nd3 h5 34. Ne1 Kf6 35. Nf3 Ke6 36. Rd1 c5 37. Nxh4 b5 38. Bd5+ Ke7 39. Nf5+ Kf6 40. Nd6 bxc4 41. Nxc4 Kg6 42. Rg1 f6 43. Bc6 Kg5 44. Bxa4 e4 45. Bc6 f5 46. a4 Rb4 47. Rc1 f4 48. Bxe4 Rxa4 49. Nd2 Ra5 50. Nb3 Ra2 51. Rxc5+ Kh4 52. Rc2 Ne3 53. Rd2 Nc4 54. Nc1 Nxd2 55. Nxa2 Nxe4 56. Kf3 Nc5 57. Nc3 Kg5 58. Ne2 Ne6 59. b4 h4 60. Ng1 Kf5 61. Kg2 Ng5 62. b5 Ke5 63. b6 Kd6 64. Kf2 h3 65. b7 Kc7 66. Nxh3 Nxh3+ 67. Kf3 Kxb7 68. Kg4 Kc6 69. Kxh3 Kd5 70. Kg2 Ke4 71. Kf2 f3 72. Kf1 Kd3 73. Kf2 Ke4 74. Kf1 Ke3 75. Ke1 f2+ 1/2-1/2

[Event "Thailand Team op"]
[Site "Bangkok"]
[Date "2022.12.05"]
[Round "5.2"]
[White "Kananub, Warot"]
[Black "Salvador, Louie"]
[Result "0-1"]
[WhiteElo "2158"]
[BlackElo "2156"]
[PlyCount "132"]
[EventDate "2022.12.03"]
[EventType "team-swiss"]
[EventRounds "9"]
[EventCountry "THA"]
[SourceTitle "CBM 211 Extra"]
[Source "ChessBase"]
[SourceDate "2023.01.31"]
[SourceVersion "1"]
[SourceVersionDate "2023.01.31"]
[SourceQuality "1"]
[WhiteTeam "East Bangapi"]
[BlackTeam "Big Rook e4"]
[WhiteTeamCountry "THA"]
[BlackTeamCountry "THA"]

1. d4 Nf6 2. c4 e6 3. g3 d5 4. Bg2 Bb4+ 5. Bd2 Be7 6. Nf3 0-0 7. Qc2 dxc4 8. Qxc4 a6 9. 0-0 b5 10. Qc2 Bb7 11. Rc1 Bd6 12. Bg5 Nbd7 13. Nbd2 Rc8 14. Bxf6 Nxf6 15. Nb3 Be4 16. Qd1 Qe7 17. Ne1 Bxg2 18. Kxg2 c5 19. dxc5 Bxc5 20. Nxc5 Rxc5 21. Rxc5 Qxc5 22. Rc1 Qe5 23. Qd2 Nd5 24. Nf3 Qe4 25. Kf1 Qa4 26. a3 h6 27. Qd4 Qb3 28. Nd2 Qa2 29. e4 Nf6 30. f3 Re8 31. Qc3 a5 32. Qb3 Qxb3 33. Nxb3 a4 34. Na5 Ra8 35. Nc6 Nd7 36. Ke2 Kf8 37. Nb4 Rb8 38. Rc7 Ne5 39. f4 Nc4 40. Nc6 Ra8 41. Na7 Nxb2 42. Nxb5 Rb8 43. Nd6 f6 44. Kd2 Rb3 45. Rc3 Ke7 46. e5 fxe5 47. fxe5 Kd7 48. Kc2 Rxc3+ 49. Kxc3 Nd1+ 50. Kd4 Kc6 51. Ne4 g6 52. Nc5 Ne3 53. Nxa4 Nc2+ 54. Ke4 Nxa3 55. Nc3 Nc4 56. h4 Kc5 57. g4 g5 58. h5 Nd2+ 59. Kd3 Nf3 60. Ne4+ Kd5 61. Nf6+ Kxe5 62. Ng8 Nh2 63. Nxh6 Kf6 64. Ke4 Kg7 65. Nf5+ exf5+ 66. Kxf5 Kh6 0-1

[Event "Thailand Team op"]
[Site "Bangkok"]
[Date "2022.12.04"]
[Round "3.2"]
[White "Kananub, Warot"]
[Black "Sacar, Mohamad"]
[Result "0-1"]
[WhiteElo "2158"]
[BlackElo "2066"]
[PlyCount "80"]
[EventDate "2022.12.03"]
[EventType "team-swiss"]
[EventRounds "9"]
[EventCountry "THA"]
[SourceTitle "CBM 211 Extra"]
[Source "ChessBase"]
[SourceDate "2023.01.31"]
[SourceVersion "1"]
[SourceVersionDate "2023.01.31"]
[SourceQuality "1"]
[WhiteTeam "East Bangapi"]
[BlackTeam "Double Bishop"]
[WhiteTeamCountry "THA"]
[BlackTeamCountry "THA"]

1. d4 Nf6 2. c4 c6 3. Nc3 d5 4. e3 a6 5. Nf3 Nbd7 6. b3 g6 7. Bd3 Bg7 8. 0-0 0-0 9. Bb2 b5 10. c5 e5 11. dxe5 Ng4 12. Ne2 Ngxe5 13. Nxe5 Nxe5 14. Nd4 Qc7 15. Be2 Re8 16. h3 a5 17. Qd2 Nd7 18. Rac1 Nf6 19. a3 Bd7 20. Nf3 Bf5 21. Bd4 Ne4 22. Qb2 Bxd4 23. Nxd4 Bd7 24. Rfe1 b4 25. Bd3 Nc3 26. Nc2 Qe5 27. Kh1 bxa3 28. Nxa3 Ne4 29. Qxe5 Rxe5 30. Bxe4 Rxe4 31. Nc2 a4 32. Ra1 Rb8 33. Rxa4 Rxb3 34. Rxe4 dxe4 35. Rd1 Rd3 36. Ra1 Rc3 37. Nd4 Rxc5 38. Ra8+ Kg7 39. Rd8 Rd5 40. Nxc6 Bxc6 0-1

[Event "Thailand Team op"]
[Site "Bangkok"]
[Date "2022.12.03"]
[Round "1.2"]
[White "Kananub, Warot"]
[Black "Boonyaudomsart, Nuttapon"]
[Result "1-0"]
[WhiteElo "2158"]
[BlackElo "1430"]
[PlyCount "93"]
[EventDate "2022.12.03"]
[EventType "team-swiss"]
[EventRounds "9"]
[EventCountry "THA"]
[SourceTitle "CBM 211 Extra"]
[Source "ChessBase"]
[SourceDate "2023.01.31"]
[SourceVersion "1"]
[SourceVersionDate "2023.01.31"]
[SourceQuality "1"]
[WhiteTeam "East Bangapi"]
[BlackTeam "TU CC"]
[WhiteTeamCountry "THA"]
[BlackTeamCountry "THA"]

1. d4 Nf6 2. c4 e6 3. g3 d5 4. Bg2 Be7 5. Nf3 b6 6. 0-0 0-0 7. Nc3 Bb7 8. Ne5 Nbd7 9. Qa4 h6 10. Nxd7 Qxd7 11. Qxd7 Nxd7 12. cxd5 exd5 13. Nxd5 Bxd5 14. Bxd5 Rad8 15. e3 c5 16. Bf3 Nf6 17. dxc5 Bxc5 18. b3 Rd7 19. Bb2 Nh7 20. Rfd1 Rfd8 21. Rxd7 Rxd7 22. Rd1 Rxd1+ 23. Bxd1 Ng5 24. Kf1 f6 25. Ke2 Kf7 26. Bc2 Ke6 27. f4 Nf7 28. Kf3 Nd6 29. Bd3 Nf5 30. Bxf5+ Kxf5 31. e4+ Ke6 32. f5+ Kf7 33. e5 fxe5 34. Bxe5 a6 35. Ke4 Bg1 36. g4 g6 37. h3 gxf5+ 38. Kxf5 Bc5 39. h4 Be7 40. g5 hxg5 41. hxg5 b5 42. g6+ Kg8 43. Ke6 Ba3 44. Kd5 a5 45. Kc6 a4 46. Kxb5 axb3 47. axb3 1-0

[Event "THA-ch 45th"]
[Site "Ayutthaya"]
[Date "2022.04.11"]
[Round "7"]
[White "Wongsawan, Thoetsak"]
[Black "Kananub, Warot"]
[Result "1/2-1/2"]
[WhiteElo "1814"]
[BlackElo "2146"]
[PlyCount "110"]
[EventDate "2022.04.08"]
[EventType "swiss"]
[EventRounds "9"]
[EventCountry "THA"]
[SourceTitle "CBM 207 Extra"]
[Source "ChessBase"]
[SourceDate "2022.05.31"]
[SourceVersion "1"]
[SourceVersionDate "2022.05.31"]
[SourceQuality "1"]

1. e4 g6 2. d4 Bg7 3. Nc3 d6 4. Be3 Nf6 5. f3 0-0 6. Qd2 c5 7. dxc5 dxc5 8. Qxd8 Rxd8 9. Bxc5 Nc6 10. Bb5 Nd7 11. Ba3 Nde5 12. Nge2 Be6 13. Rd1 Nc4 14. Bxc4 Bxc4 15. b3 Ba6 16. Nd5 e6 17. Ne7+ Nxe7 18. Rxd8+ Rxd8 19. Bxe7 Rd7 20. Bg5 Rc7 21. c4 b5 22. Bf4 e5 23. Bd2 bxc4 24. b4 f5 25. Nc3 Rd7 26. Ke2 Bb7 27. Rd1 Bf8 28. a3 Rd3 29. Be1 Rxd1 30. Kxd1 a5 31. Nd5 axb4 32. Bxb4 Bxb4 33. axb4 Kf7 34. Nc3 Ke6 35. Kc2 Kd6 36. Kd2 Bc6 37. g3 Bd7 38. Ke3 Bc6 39. h4 fxe4 40. fxe4 Bd7 41. Kf3 h5 42. Ke3 Bc6 43. Kd2 Kc7 44. Kc2 Kb6 45. Kb2 Ka6 46. Kc2 Kb6 47. Kd2 Kc7 48. Ke3 Bd7 49. Nd5+ Kd6 50. Kd2 Bc6 51. Nc3 Bd7 52. Ke2 Be8 53. Kd2 Bd7 54. Ke2 Be8 55. Kd2 Bd7 1/2-1/2

[Event "THA-ch"]
[Site "Bangkok"]
[Date "2021.11.06"]
[Round "4"]
[White "Samatthanan, Theerath"]
[Black "Kananub, Warot"]
[Result "0-1"]
[WhiteElo "1417"]
[BlackElo "2190"]
[PlyCount "96"]
[EventDate "2021.11.05"]
[EventType "swiss"]
[EventRounds "9"]
[EventCountry "THA"]
[SourceTitle "CBM 205 Extra"]
[Source "ChessBase"]
[SourceDate "2022.01.31"]
[SourceVersion "1"]
[SourceVersionDate "2022.01.31"]
[SourceQuality "1"]

1. e4 c5 2. Nf3 d6 3. d4 cxd4 4. Nxd4 Nf6 5. Nc3 a6 6. Bg5 e6 7. f4 Nbd7 8. Qf3 Qc7 9. 0-0-0 b5 10. g4 Bb7 11. Bxf6 gxf6 12. Kb1 b4 13. Nce2 Rc8 14. Rd2 Nc5 15. Ng3 h5 16. gxh5 f5 17. Bd3 fxe4 18. Bxe4 Nxe4 19. Nxe4 Be7 20. Re1 Bxe4 21. Qxe4 Rh6 22. f5 e5 23. Nf3 Qc4 24. Qe3 Qf4 25. Qxf4 exf4 26. Rde2 Rc7 27. Re4 a5 28. Rxf4 Kf8 29. Rd4 Rc5 30. Rf4 Bf6 31. a3 bxa3 32. bxa3 Rxh5 33. Nd4 Rxh2 34. Re2 Rxe2 35. Nxe2 Rb5+ 36. Kc1 Bb2+ 37. Kd2 Bxa3 38. Nc3 Bb4 39. Kd3 Bxc3 40. Kxc3 Ke7 41. f6+ Ke6 42. Rf1 Rf5 43. Ra1 Kxf6 44. Ra4 Ke6 45. Kd3 Rc5 46. c4 Re5 47. Kd4 f5 48. Ra1 f4 0-1

[Event "Pattaya op"]
[Site "Pattaya"]
[Date "2019.10.30"]
[Round "9"]
[White "Lopez, Henry"]
[Black "Kananub, Warot"]
[Result "1-0"]
[WhiteElo "2101"]
[BlackElo "2211"]
[PlyCount "115"]
[EventDate "2019.10.23"]
[EventType "swiss"]
[EventRounds "9"]
[EventCountry "THA"]
[SourceTitle "CBM 195 Extra"]
[Source "ChessBase"]
[SourceDate "2020.05.31"]
[SourceVersion "1"]
[SourceVersionDate "2020.05.31"]
[SourceQuality "1"]

1. d4 Nf6 2. Nf3 g6 3. c4 Bg7 4. Nc3 d5 5. h4 c6 6. Bg5 Ne4 7. e3 Qa5 8. Qb3 h6 9. Bf4 e6 10. Bd3 Nf6 11. Bd6 Bf8 12. Bg3 Bg7 13. 0-0 0-0 14. Ne5 Nbd7 15. f4 h5 16. e4 dxe4 17. Nxe4 Nxe4 18. Bxe4 Rd8 19. Rad1 Nf6 20. Bf3 Qb6 21. Qc3 Bd7 22. Bf2 Qc7 23. g3 Be8 24. Qc2 Qa5 25. b3 Rac8 26. Rd2 Nd7 27. Rfd1 Nf6 28. Kg2 Ra8 29. Rb1 Qc7 30. a4 a6 31. b4 Rac8 32. a5 Nd7 33. Rbd1 Qd6 34. Nd3 Qb8 35. Qb3 Nf6 36. Ne5 Rd6 37. Be3 Rdd8 38. Qc2 Kh8 39. Qc3 Kg8 40. Bg1 Kh8 41. Qe3 Kg8 42. Qe2 Bf8 43. Nd3 Bg7 44. Nc5 Rd6 45. Be3 Rdd8 46. Rd3 Qa8 47. Na4 Qb8 48. Nb6 Rc7 49. f5 Re7 50. Bf4 Qa7 51. fxg6 fxg6 52. Re3 Bf7 53. d5 cxd5 54. cxd5 Kh7 55. dxe6 Rxd1 56. Qxd1 Bxe6 57. Qd6 Rd7 58. Qxe6 1-0

[Event "Pattaya op"]
[Site "Pattaya"]
[Date "2019.10.24"]
[Round "2"]
[White "Kananub, Warot"]
[Black "Sakthivel, Heamish Kanha"]
[Result "1-0"]
[WhiteElo "2211"]
[BlackElo "1785"]
[PlyCount "105"]
[EventDate "2019.10.23"]
[EventType "swiss"]
[EventRounds "9"]
[EventCountry "THA"]
[SourceTitle "CBM 195 Extra"]
[Source "ChessBase"]
[SourceDate "2020.05.31"]
[SourceVersion "1"]
[SourceVersionDate "2020.05.31"]
[SourceQuality "1"]

1. d4 Nf6 2. c4 e6 3. g3 d5 4. Bg2 c6 5. Nf3 Bb4+ 6. Bd2 Be7 7. 0-0 0-0 8. Qc2 Nbd7 9. Bf4 b6 10. cxd5 cxd5 11. Bc7 Qe8 12. Nc3 Ba6 13. Qa4 Bb7 14. Rfc1 a6 15. Qb3 b5 16. a4 b4 17. a5 bxc3 18. Qxb7 cxb2 19. Qxb2 Ne4 20. e3 Bd6 21. Bf1 Qe7 22. Bxd6 Qxd6 23. Qa3 Qb8 24. Rab1 Qd8 25. Bd3 Ndf6 26. Ne5 Nd6 27. Rb6 Nb5 28. Bxb5 axb5 29. Qb4 Ne4 30. f3 Qg5 31. Qe1 Nf6 32. Rxb5 h6 33. Ra1 Ra6 34. Rb6 Rfa8 35. Rxa6 Rxa6 36. Qe2 Ra8 37. a6 Ne8 38. Nc6 Nd6 39. a7 Nc8 40. Kg2 h5 41. Ra3 Qg6 42. Qb2 Kh8 43. Ne5 Qf5 44. Qb3 f6 45. Qb7 Nb6 46. Nf7+ Kh7 47. Qxb6 Qg6 48. Nd6 h4 49. Qb7 hxg3 50. hxg3 Qh6 51. Qxa8 Qg6 52. Qe8 Qxe8 53. Nxe8 1-0

[Event "Bangkok Grand Prize"]
[Site "Bangkok"]
[Date "2018.11.24"]
[Round "4"]
[White "Kananub, Warot"]
[Black "Kongsee, Uaychai"]
[Result "1/2-1/2"]
[WhiteElo "2205"]
[BlackElo "2245"]
[PlyCount "50"]
[EventDate "2018.11.23"]
[EventType "tourn"]
[EventRounds "6"]
[EventCountry "THA"]
[SourceTitle "CBM 187 Extra"]
[Source "ChessBase"]
[SourceDate "2018.11.04"]
[SourceVersion "1"]
[SourceVersionDate "2018.11.04"]
[SourceQuality "1"]

1. d4 f5 2. Nf3 Nf6 3. c4 g6 4. g3 Bg7 5. Bg2 0-0 6. 0-0 d6 7. Nc3 Qe8 8. Re1 Qf7 9. b3 Ne4 10. Bb2 Nc6 11. Rf1 Nxc3 12. Bxc3 e5 13. Nxe5 dxe5 14. Bd5 Be6 15. Bxe6 Qxe6 16. d5 Qd6 17. dxc6 Qxc6 18. Qd2 e4 19. Bxg7 Kxg7 20. Qd4+ Qf6 21. Rad1 Qxd4 22. Rxd4 Rad8 23. Rfd1 Rxd4 24. Rxd4 Kf6 25. Rd7 Rf7 1/2-1/2

[Event "THA pre olympic qual"]
[Site "Bangkok"]
[Date "2016.05.20"]
[Round "5"]
[White "Pheephacharakan, Pinatpong"]
[Black "Kananub, Warot"]
[Result "0-1"]
[WhiteElo "1822"]
[BlackElo "2225"]
[PlyCount "82"]
[EventDate "2016.05.14"]
[EventType "swiss"]
[EventRounds "9"]
[EventCountry "THA"]
[SourceTitle "CBM 172 Extra"]
[Source "ChessBase"]
[SourceDate "2016.06.21"]
[SourceVersion "1"]
[SourceVersionDate "2016.06.21"]
[SourceQuality "1"]

1. d4 Nf6 2. c4 g6 3. Nc3 d5 4. cxd5 Nxd5 5. e4 Nxc3 6. bxc3 Bg7 7. Bc4 c5 8. Be3 0-0 9. Ne2 Nc6 10. 0-0 Na5 11. Bd3 b6 12. f4 cxd4 13. cxd4 f5 14. e5 Bb7 15. Bd2 Qd5 16. Rf2 Rfc8 17. Bb4 Bf8 18. Nc3 Qxd4 19. Bxa5 bxa5 20. Qb3+ e6 21. Rd1 Rxc3 22. Qxb7 Rd8 23. Qa6 Rxd3 24. Qxe6+ Kh8 25. Rxd3 Qxd3 26. Qf6+ Bg7 27. Qf7 Qd1+ 28. Rf1 Qd4+ 29. Kh1 Qd7 30. Qxd7 Rxd7 31. g3 Rd2 32. Rc1 Kg8 33. a4 Rd4 34. Ra1 Bf8 35. Kg2 Kf7 36. Kf3 Ke6 37. Ra2 Bc5 38. Rc2 Rd5 39. Ra2 Rd3+ 40. Kg2 Bb4 41. Re2 Rd2 0-1

[Event "THA pre olympic qual"]
[Site "Bangkok"]
[Date "2016.05.14"]
[Round "1"]
[White "Arpijuntarangkoon, Jaradpong"]
[Black "Kananub, Warot"]
[Result "1/2-1/2"]
[WhiteElo "1964"]
[BlackElo "2225"]
[PlyCount "95"]
[EventDate "2016.05.14"]
[EventType "swiss"]
[EventRounds "9"]
[EventCountry "THA"]
[SourceTitle "CBM 172 Extra"]
[Source "ChessBase"]
[SourceDate "2016.06.21"]
[SourceVersion "1"]
[SourceVersionDate "2016.06.21"]
[SourceQuality "1"]

1. e4 e5 2. Nf3 Nc6 3. Bb5 a6 4. Ba4 Nf6 5. Qe2 b5 6. Bb3 Be7 7. 0-0 d6 8. a4 b4 9. a5 0-0 10. h3 Bb7 11. c3 bxc3 12. bxc3 Nb8 13. d3 Nbd7 14. Be3 d5 15. Rd1 Bd6 16. exd5 Nxd5 17. d4 Nxe3 18. Qxe3 exd4 19. cxd4 Re8 20. Bxf7+ Kxf7 21. Qb3+ Kf8 22. Qxb7 Qf6 23. Nc3 Rab8 24. Qd5 Qe6 25. Qh5 Kg8 26. Ng5 Nf6 27. Nxe6 Nxh5 28. Nc5 Bxc5 29. dxc5 Nf6 30. Nd5 Nxd5 31. Rxd5 Rb5 32. Rc1 Re7 33. Ra1 Kf7 34. Ra3 g6 35. Kh2 Ke6 36. Rd8 Rxc5 37. Ra8 Rc6 38. Kg3 Kd5 39. Rb3 Kc4 40. Rb1 Ree6 41. Ra7 Kd5 42. Rd1+ Ke5 43. Rd7 Rc3+ 44. f3 Rec6 45. Rxh7 R3c4 46. Rd7 Ke6 47. Rg7 Kf6 48. Rd7 1/2-1/2

[Event "THA-chT"]
[Site "Bangkok"]
[Date "2015.12.12"]
[Round "7.1"]
[White "Habla, Jony"]
[Black "Kananub, Warot"]
[Result "0-1"]
[WhiteElo "2214"]
[BlackElo "2203"]
[PlyCount "82"]
[EventDate "2015.12.04"]
[EventType "team-swiss"]
[EventRounds "9"]
[EventCountry "THA"]
[SourceTitle "CBM 170 Extra"]
[Source "ChessBase"]
[SourceDate "2016.02.25"]
[SourceVersion "1"]
[SourceVersionDate "2016.02.25"]
[SourceQuality "1"]
[WhiteTeam "BCC Gainsfield"]
[BlackTeam "Din Daeng II"]
[WhiteTeamCountry "THA"]
[BlackTeamCountry "THA"]

1. d4 d5 2. c4 dxc4 3. Nf3 Nf6 4. e3 a6 5. Bxc4 b5 6. Bd3 e6 7. 0-0 Bb7 8. Qe2 Nbd7 9. Rd1 c5 10. Nc3 Be7 11. a3 Qb6 12. Bc2 0-0 13. e4 cxd4 14. Nxd4 Ne5 15. Bf4 Nc4 16. e5 Nd5 17. Nxd5 Bxd5 18. Nf5 exf5 19. Rxd5 Qe6 20. Rd3 Nxb2 21. Rh3 g6 22. Bh6 Rfc8 23. Bb3 Nc4 24. Re1 Rc5 25. Bf4 Rd8 26. a4 Rd4 27. Qf3 bxa4 28. Ba2 Qd5 29. e6 fxe6 30. Be3 Qxf3 31. gxf3 Nxe3 32. Bxe6+ Kg7 33. Rxe3 Rc1+ 34. Kg2 Rdd1 35. f4 Bd6 36. Rh4 Rd4 37. Kf3 Rc2 38. Re1 Rdd2 39. Rf1 Bc5 40. Kg2 Rxf2+ 41. Rxf2 Rxf2+ 0-1

[Event "THA-chT"]
[Site "Bangkok"]
[Date "2015.12.05"]
[Round "3.1"]
[White "Portugalera, Ric"]
[Black "Kananub, Warot"]
[Result "1/2-1/2"]
[WhiteElo "2220"]
[BlackElo "2203"]
[PlyCount "62"]
[EventDate "2015.12.04"]
[EventType "team-swiss"]
[EventRounds "9"]
[EventCountry "THA"]
[SourceTitle "EXT 2017"]
[Source "ChessBase"]
[SourceDate "2016.10.25"]
[SourceVersion "1"]
[SourceVersionDate "2016.10.25"]
[SourceQuality "1"]
[WhiteTeam "Chonburi JCA"]
[BlackTeam "Din Daeng II"]
[WhiteTeamCountry "THA"]
[BlackTeamCountry "THA"]

1. d4 d5 2. Nf3 Nf6 3. c4 c6 4. cxd5 cxd5 5. Nc3 e6 6. Bf4 Bd6 7. Bxd6 Qxd6 8. e3 Nc6 9. Rc1 0-0 10. Be2 Bd7 11. 0-0 Rfc8 12. h3 Be8 13. Bd3 Bd7 14. Qe2 g6 15. Rfd1 Nb4 16. Bb1 Rab8 17. Ne5 Be8 18. Qf3 Kg7 19. Qf4 Rd8 20. g4 Nc6 21. Ne2 Rbc8 22. Ng3 Qb8 23. Nh5+ Nxh5 24. gxh5 f5 25. h6+ Kg8 26. Qg3 Qd6 27. f4 Nxe5 28. fxe5 Qe7 29. h4 Kf7 30. Qg5 Qxg5+ 31. hxg5 Ke7 1/2-1/2

[Event "THA-ch"]
[Site "Bangkok"]
[Date "2015.11.15"]
[Round "9"]
[White "Kananub, Warot"]
[Black "Pitirotjirathon, Jirapak"]
[Result "1-0"]
[WhiteElo "2188"]
[BlackElo "2238"]
[PlyCount "77"]
[EventDate "2015.11.06"]
[EventType "swiss"]
[EventRounds "9"]
[EventCountry "THA"]
[SourceTitle "CBM 169 Extra"]
[Source "ChessBase"]
[SourceDate "2015.12.18"]
[SourceVersion "1"]
[SourceVersionDate "2015.12.18"]
[SourceQuality "1"]

1. d4 Nf6 2. c4 e6 3. Nf3 c5 4. d5 exd5 5. cxd5 d6 6. Nc3 g6 7. e4 a6 8. a4 Bg4 9. Be2 Bxf3 10. Bxf3 Bg7 11. 0-0 0-0 12. Be2 Nbd7 13. a5 Ne8 14. Qc2 Nc7 15. f4 Re8 16. Bd3 Nf6 17. h3 Nh5 18. Bd2 Rb8 19. Kh2 Nf6 20. Rae1 h5 21. f5 Ng4+ 22. hxg4 Qh4+ 23. Kg1 hxg4 24. Ne2 g3 25. Rf3 Qh2+ 26. Kf1 Qh1+ 27. Ng1 Nxd5 28. fxg6 Re6 29. gxf7+ Kf8 30. Bc3 Bd4 31. Bxd4 cxd4 32. exd5 Rxe1+ 33. Kxe1 Qxg1+ 34. Rf1 Qe3+ 35. Kd1 Kg7 36. Qe2 Qg5 37. Rf5 Qh6 38. Qg4+ Kf8 39. Qg8+ 1-0

[Event "THA-ch"]
[Site "Bangkok"]
[Date "2015.11.08"]
[Round "5"]
[White "Arpijuntarangkoon, Jaradpong"]
[Black "Kananub, Warot"]
[Result "0-1"]
[WhiteElo "2020"]
[BlackElo "2188"]
[PlyCount "54"]
[EventDate "2015.11.06"]
[EventType "swiss"]
[EventRounds "9"]
[EventCountry "THA"]
[SourceTitle "CBM 169 Extra"]
[Source "ChessBase"]
[SourceDate "2015.12.18"]
[SourceVersion "1"]
[SourceVersionDate "2015.12.18"]
[SourceQuality "1"]

1. e4 c5 2. Nf3 d6 3. d4 cxd4 4. Nxd4 Nf6 5. Nc3 a6 6. Bg5 e6 7. f4 Qc7 8. Qf3 Nbd7 9. 0-0-0 b5 10. Bxb5 axb5 11. Ndxb5 Qb8 12. e5 Bb7 13. Qe2 dxe5 14. Qc4 Be7 15. Nc7+ Kd8 16. Bxf6 gxf6 17. Rxd7+ Kxd7 18. Rd1+ Bd6 19. Nxa8 Bxa8 20. fxe5 fxe5 21. Nb5 Bd5 22. Qa4 Ke7 23. Kb1 f6 24. Nxd6 Qxd6 25. c4 Ra8 26. Qb3 Be4+ 27. Kc1 Qc5 0-1

[Event "THA-ch"]
[Site "Bangkok"]
[Date "2015.11.07"]
[Round "3"]
[White "Thanarotrung, Ratchaphon"]
[Black "Kananub, Warot"]
[Result "1/2-1/2"]
[WhiteElo "1926"]
[BlackElo "2188"]
[PlyCount "133"]
[EventDate "2015.11.06"]
[EventType "swiss"]
[EventRounds "9"]
[EventCountry "THA"]
[SourceTitle "CBM 169 Extra"]
[Source "ChessBase"]
[SourceDate "2015.12.18"]
[SourceVersion "1"]
[SourceVersionDate "2015.12.18"]
[SourceQuality "1"]

1. d4 Nf6 2. c4 g6 3. Nc3 d5 4. cxd5 Nxd5 5. Qb3 Nb6 6. e3 Bg7 7. Nf3 0-0 8. Be2 Be6 9. Qd1 c5 10. 0-0 cxd4 11. exd4 Nc6 12. Be3 Bc4 13. Rc1 e6 14. b3 Bxe2 15. Qxe2 Nd5 16. Nxd5 Qxd5 17. Rc5 Qd6 18. Qb5 Rab8 19. d5 a6 20. Qc4 exd5 21. Qxd5 Qxd5 22. Rxd5 Rfd8 23. Rfd1 Rxd5 24. Rxd5 Nb4 25. Rd7 b5 26. g3 Nxa2 27. Ra7 Nb4 28. Bd2 Nd3 29. Be3 Nb4 30. Bd2 Nd5 31. Rxa6 b4 32. Rd6 Nc3 33. Kg2 Ne4 34. Rc6 Nxd2 35. Nxd2 Ra8 36. Rc4 Bf8 37. Nf3 Ra3 38. Nd4 Be7 39. Kf3 Kg7 40. Kg2 Bf8 41. h3 Kf6 42. Kh2 Ra2 43. Kg2 Rb2 44. Rc2 Rb1 45. Rc4 Ke5 46. Nc6+ Ke6 47. Nxb4 Rxb3 48. Nc2 Kd5 49. Rf4 f5 50. Ne3+ Ke6 51. Ra4 Bc5 52. Kf3 Kf6 53. h4 Kg7 54. Rc4 Bb6 55. Rc6 Kh6 56. Rc4 Kh5 57. Ra4 Bc5 58. Rc4 Bb4 59. Rd4 Ba5 60. Rc4 Bb6 61. Ra4 Bc7 62. Rd4 Bb8 63. Rc4 Be5 64. Rc5 Bd4 65. Rc4 Bc3 66. Kg2 Bd2 67. Nd5 1/2-1/2

[Event "THA-ch"]
[Site "Bangkok"]
[Date "2015.11.06"]
[Round "2"]
[White "Kananub, Warot"]
[Black "Pheephacharakan, Pinatpong"]
[Result "1-0"]
[WhiteElo "2188"]
[BlackElo "1775"]
[PlyCount "107"]
[EventDate "2015.11.06"]
[EventType "swiss"]
[EventRounds "9"]
[EventCountry "THA"]
[SourceTitle "CBM 169 Extra"]
[Source "ChessBase"]
[SourceDate "2015.12.18"]
[SourceVersion "1"]
[SourceVersionDate "2015.12.18"]
[SourceQuality "1"]

1. d4 Nf6 2. c4 c5 3. d5 b5 4. cxb5 a6 5. bxa6 Bxa6 6. Nc3 g6 7. Nf3 d6 8. e4 Bxf1 9. Kxf1 Bg7 10. g3 Nbd7 11. Kg2 0-0 12. h3 Ne8 13. Qc2 Nc7 14. b3 Na6 15. Bb2 Nb4 16. Qe2 Ra5 17. a3 Na6 18. Na4 Bxb2 19. Nxb2 Qb8 20. Nd2 Nc7 21. Nbc4 Rb5 22. Rhb1 Nb6 23. a4 Nxc4 24. axb5 Nxd2 25. Qxd2 Nxb5 26. b4 c4 27. Rc1 Rc8 28. Ra5 Qb6 29. Qa2 c3 30. Ra8 Qb7 31. Rxc8+ Qxc8 32. Qe2 Qb7 33. Qc4 Kf8 34. Qc6 Qxc6 35. dxc6 Ke8 36. Kf3 Kd8 37. Ke3 Kc7 38. Kd3 Kxc6 39. Ra1 f5 40. f3 d5 41. exd5+ Kxd5 42. f4 c2 43. Kxc2 Kc4 44. Re1 e6 45. Kd2 Nd4 46. b5 Kxb5 47. Kd3 Nc6 48. Rxe6 Kc5 49. Rf6 Nb4+ 50. Ke2 Nd5 51. Rf7 h5 52. Rg7 h4 53. Rxg6 hxg3 54. Kf3 1-0